000 00582nam a2200205Ia 4500
003 GCL
008 140319s9999 xx 000 0 ara d
040 _aGCL /
_cGCL
082 0 4 _aق
_b932.2
_bا ف
100 1 _aاحمد بدوى
245 1 0 _aفى موكب الشمس /
_cاحمد بدوى
260 _a[S.N] :
_bلجنة التأليف والترجمة والنشر ،
_c1946
300 _aمتعدد
490 _a
650 0 4 _aمصر
650 0 4 _aمصر القديمة
650 0 4 _aالتاريخ
650 0 4 _aالحضارة الفرعونية
942 _2ddc
_cBK
999 _c58874
_d58874